[Event "Ì17Ï"]
[Site "Loo"]
[Date "2017.04.28"]
[Round "9.35"]
[White "Ìèøèí, Ñàâåëèé."]
[Black "Ìóðàâüåâ, Ìàêñèì."]
[Result "0-1"]
[WhiteElo "1377"]
[BlackElo "1546"]
[PlyCount "76"]
[EventDate "2017.04.20"]

1. d4 Nf6 2. Nf3 g6 3. c4 Bg7 4. Nc3 O-O 5. e4 d6 6. h3 e5 7. d5 Nh5 8. g3 f5
9. exf5 gxf5 10. Ng5 Nf6 11. Be2 e4 12. h4 h6 13. Nh3 Nbd7 14. Be3 Ne5 15. Qd2
Nfg4 16. Bd4 Qe7 17. Nf4 c5 18. dxc6 bxc6 19. Bxg4 fxg4 20. Bxe5 e3 21. fxe3
Qxe5 22. O-O-O Bf5 23. Rhe1 Rfd8 24. e4 Bh7 25. Re3 Rab8 26. Kb1 d5 27. cxd5
cxd5 28. Nfxd5 Kh8 29. Qc2 Rd7 30. Nf4 Rdb7 31. Nd3 Qa5 32. Rc1 Bg8 33. Re2 Rc8
34. Ka1 Bxa2 35. Nxa2 Rxc2 36. Rcxc2 Rb3 37. Rcd2 Qa3 38. Re3 Bxb2+ 0-1

[Event "Ì17Ï"]
[Site "Loo"]
[Date "2017.04.28"]
[Round "9.36"]
[White "Âîëêîâ, Ãðèãîðèé."]
[Black "Êóðèíîâ, Þðèé."]
[Result "1-0"]
[WhiteElo "1651"]
[BlackElo "1254"]
[PlyCount "49"]
[EventDate "2017.04.20"]

1. e4 d5 2. exd5 Qxd5 3. Nc3 Qa5 4. Bc4 Nf6 5. d4 Bf5 6. f3 e6 7. Nge2 Nbd7 8.
Bd2 c6 9. O-O O-O-O 10. a3 Qc7 11. b4 Bd6 12. f4 Nd5 13. b5 N7b6 14. Bb3 h6 15.
a4 g5 16. a5 Nxc3 17. Nxc3 Nd5 18. Nxd5 exd5 19. b6 axb6 20. axb6 Qe7 21. fxg5
Be4 22. Qg4+ Qe6 23. Rxf7 Qxg4 24. Ra8+ Bb8 25. Rc7# 1-0

[Event "Ì17Ï"]
[Site "Loo"]
[Date "2017.04.28"]
[Round "9.37"]
[White "Ëåîíîâ, Êèðèëë."]
[Black "Ìóðàòîâ, Ìàêñèì."]
[Result "1-0"]
[WhiteElo "1755"]
[BlackElo "1581"]
[PlyCount "93"]
[EventDate "2017.04.20"]

1. e4 e5 2. Nf3 Nc6 3. Bc4 Bc5 4. d3 h6 5. O-O d6 6. h3 Nf6 7. a3 a5 8. Nc3 Qe7
9. Nd5 Nxd5 10. Bxd5 O-O 11. Bxc6 bxc6 12. Be3 Bxe3 13. fxe3 Ba6 14. Re1 d5 15.
exd5 cxd5 16. e4 d4 17. Qd2 c5 18. Qf2 c4 19. dxc4 Bxc4 20. Qg3 f6 21. Nh4 Qb7
22. Nf5 Be6 23. Nxh6+ Kh7 24. Nf5 Bxf5 25. exf5 Qxb2 26. Rab1 Qa2 27. Rb3 Rac8
28. Re4 Qxc2 29. Qg6+ Kg8 30. Rg3 Rf7 31. Rh4 d3 32. Rh7 Qc5+ 33. Kh2 Rcc7 34.
Rxd3 e4 35. Rxg7+ Rxg7 36. Rd8+ Qf8 37. Rxf8+ Kxf8 38. Qxf6+ Rgf7 39. Qh8+ Ke7
40. Qe5+ Kd8 41. Qxe4 Ra7 42. Qd5+ Rfd7 43. Qg8+ Ke7 44. Qe6+ Kd8 45. h4 Rh7
46. Kh3 Rad7 47. Qf6+ {äàëåå çàïèñü íåðàçáîð~~èâà} 1-0

[Event "Ì17Ï"]
[Site "Loo"]
[Date "2017.04.28"]
[Round "9.38"]
[White "Êîêóåâ, Èëüÿ."]
[Black "Êóðáàíîâ, Íàðèìàí."]
[Result "0-1"]
[WhiteElo "1548"]
[BlackElo "1614"]
[PlyCount "76"]
[EventDate "2017.04.20"]

1. e4 c5 2. Nf3 g6 3. d4 cxd4 4. Nxd4 Bg7 5. c4 Nc6 6. Be3 Nf6 7. Nc3 O-O 8.
Be2 d6 9. Qd2 Bd7 10. O-O Nxd4 11. Bxd4 Bc6 12. f3 a5 13. b3 Nd7 14. Be3 Nc5
15. Rab1 Na6 16. Rfd1 Nc5 17. Qc2 Qc8 18. a3 Re8 19. Bf1 h5 20. Ne2 b5 21. Bxc5
dxc5 22. cxb5 Bxb5 23. Nc3 Bxf1 24. Rxf1 c4 25. b4 axb4 26. axb4 Qb7 27. Rfd1
Ra3 28. Ne2 c3 29. Rb3 Rxb3 30. Qxb3 Rc8 31. Rc1 Qb5 32. Rc2 Qd3 33. Qb1 Ra8
34. h3 Ra1 35. Qxa1 Qxc2 36. Qe1 Qb2 37. b5 Qxb5 38. Qc1 Qxe2 0-1

[Event "Ì19"]
[Site "Loo"]
[Date "2017.04.28"]
[Round "9.1"]
[White "Àôàíàñüåâ, Íèêèòà."]
[Black "Åëåöêèé, Èâàí."]
[Result "0-1"]
[WhiteElo "2349"]
[BlackElo "2367"]
[PlyCount "66"]
[EventDate "2017.04.20"]

1. Nf3 c5 2. e4 d6 3. Bb5+ Nc6 4. c3 Nf6 5. Qe2 Bd7 6. O-O a6 7. Ba4 e5 8. d3
g6 9. Nbd2 b5 10. Bc2 Bg7 11. a3 Qc7 12. Rb1 Nd8 13. Re1 O-O 14. Nf1 Ne6 15.
Ne3 Bc6 16. b4 Rfe8 17. bxc5 d5 18. Nf1 Nh5 19. Ng3 Nhf4 20. Qf1 Nxc5 21. d4
exd4 22. Nxd4 Bb7 23. e5 Bxe5 24. Rxe5 Qxe5 25. Be3 Nce6 26. Qc1 Rac8 27. Qd2
Qc7 28. Re1 Nxd4 29. Bxd4 Rxe1+ 30. Qxe1 Ne6 31. Be5 Qe7 32. Qe2 Re8 33. Nh5
Ng7 0-1

[Event "Ì19"]
[Site "Loo"]
[Date "2017.04.28"]
[Round "9.2"]
[White "Äðûãàëîâ, Ñåðãåé."]
[Black "Îôèöåðüÿí, Áîðèñ."]
[Result "1-0"]
[WhiteElo "2419"]
[BlackElo "2371"]
[PlyCount "91"]
[EventDate "2017.04.20"]

1. d4 Nf6 2. c4 g6 3. g3 Bg7 4. Bg2 d5 5. cxd5 Nxd5 6. Nf3 Nb6 7. Nc3 O-O 8.
O-O Nc6 9. e3 Re8 10. Nh4 e5 11. d5 Nb4 12. a3 Na6 13. Qc2 Qe7 14. e4 c6 15.
dxc6 bxc6 16. Nf3 Nc5 17. Bg5 Qe6 18. Be3 Nb3 19. Rad1 Ba6 20. Rfe1 Bc4 21. Ng5
Qc8 22. Na4 Qa6 23. Bxb6 Qxa4 24. Be3 Qb5 25. Nf3 Red8 26. Nd2 Nxd2 27. Rxd2
Rxd2 28. Qxd2 a5 29. Rc1 Rb8 30. h4 h5 31. Qc3 Be2 32. Rc2 Kh7 33. Rd2 Bf6 34.
Rd6 Kg7 35. Qd2 Be7 36. Rd7 Bf6 37. Bh6+ Kg8 38. Qd6 Bg7 39. Rxf7 Kxf7 40. Qd7+
Kf8 41. Qxg7+ Ke8 42. Bg5 Rb7 43. Qxg6+ Kd7 44. Qf7+ Kd6 45. Qf8+ Ke6 46. Qf6+
1-0

[Event "Ì19"]
[Site "Loo"]
[Date "2017.04.28"]
[Round "9.3"]
[White "Äðûãàëîâ, Àíäðåé."]
[Black "Ìóðòàçèí, Áóëàò."]
[Result "1-0"]
[WhiteElo "2389"]
[BlackElo "2406"]
[PlyCount "85"]
[EventDate "2017.04.20"]

1. e4 c5 2. Nf3 Nc6 3. Bb5 Qc7 4. Nc3 a6 5. Bxc6 dxc6 6. h3 e5 7. d3 f6 8. Be3
Be6 9. Na4 Bd6 10. Nxc5 Bf7 11. Qd2 Ne7 12. O-O O-O 13. c3 Kh8 14. Nb3 c5 15.
Qe2 c4 16. Nbd2 cxd3 17. Qxd3 Rad8 18. Qc2 g5 19. Rfd1 Be6 20. Nh2 Ng6 21. Ndf1
Rg8 22. Ng3 Nh4 23. Ng4 Rg6 24. Rd2 Rf8 25. Rad1 Be7 26. Qa4 Qc8 27. f3 Rgg8
28. Qa5 Ng6 29. Nh6 Nf4 30. Ngf5 Bxf5 31. Nxf5 Bd8 32. Qc5 Qe6 33. Qxf8 Rxf8
34. Rxd8 Rg8 35. R8d7 Qc4 36. R1d2 Qxa2 37. Rxb7 Qb1+ 38. Kh2 Nd3 39. Rd7 Nf4
40. Bc5 Ng6 41. Rf7 Nh4 42. Rdd7 Rg6 43. Rd8+ 1-0

[Event "Ì19"]
[Site "Loo"]
[Date "2017.04.28"]
[Round "9.4"]
[White "Ñìèðíîâ, Òèìîôåé."]
[Black "Õàíèí, Ñåìåí."]
[Result "0-1"]
[WhiteElo "2296"]
[BlackElo "2430"]
[PlyCount "70"]
[EventDate "2017.04.20"]

1. e4 e5 2. Nf3 Nc6 3. Bb5 Nf6 4. d3 Bc5 5. O-O d6 6. c3 O-O 7. b4 Bb6 8. a4 a6
9. Bxc6 bxc6 10. a5 Ba7 11. Ba3 Bg4 12. h3 Bh5 13. Nbd2 Bg6 14. Re1 Nh5 15. d4
Nf4 16. Qc2 f5 17. Qa2+ Bf7 18. Qc2 fxe4 19. Nxe4 exd4 20. Nxd4 Bxd4 21. cxd4
Bd5 22. Re3 Qh4 23. Rae1 Rf7 24. Rg3 Raf8 25. Rg4 Nxh3+ 26. gxh3 Qxh3 27. Rg3
Qh4 28. Qd3 Rf4 29. Rh3 Rg4+ 30. Kf1 Qxh3+ 31. Qxh3 Bc4+ 32. Re2 Rxe4 33. Qc3
Bxe2+ 34. Ke1 Bh5+ 35. Kd2 Rxf2+ 0-1

[Event "Ì19"]
[Site "Loo"]
[Date "2017.04.28"]
[Round "9.5"]
[White "Ðàäæàáîâ, Ðîäèîí."]
[Black "Åëèñòðàòîâ, Ñåì¸í."]
[Result "1-0"]
[WhiteElo "2302"]
[BlackElo "2417"]
[PlyCount "73"]
[EventDate "2017.04.20"]

1. e4 c5 2. Nf3 d6 3. d4 cxd4 4. Qxd4 Nc6 5. Bb5 a6 6. Bxc6+ bxc6 7. c4 e5 8.
Qd3 Be7 9. Nc3 Qc7 10. O-O Nf6 11. h3 h6 12. Be3 O-O 13. b3 Be6 14. Rfd1 Rad8
15. Rac1 Qb8 16. Qe2 Nd7 17. c5 Nxc5 18. Bxc5 dxc5 19. Qxa6 c4 20. bxc4 Qb2 21.
Qa4 Rxd1+ 22. Qxd1 f6 23. Rc2 Qb4 24. Nd2 Rd8 25. Qb1 Rxd2 26. Qxb4 Bxb4 27.
Rxd2 Bxc3 28. Rd6 Kf7 29. Rxc6 Ke7 30. c5 Bd4 31. Rc7+ Kd8 32. Rxg7 Bxa2 33.
Rg6 Bxc5 34. Rxf6 Bb1 35. Rxh6 Bxe4 36. Rh4 Bd5 37. Rh7 {
äàëåå çàïèñü íåðàçáîð~~èâà} 1-0

[Event "Ì19"]
[Site "Loo"]
[Date "2017.04.28"]
[Round "9.6"]
[White "Áûêîâ, Åãîð."]
[Black "Ëèòâèíîâ, Ìàêñèì."]
[Result "1-0"]
[WhiteElo "2263"]
[BlackElo "2384"]
[PlyCount "101"]
[EventDate "2017.04.20"]

1. d4 d5 2. c4 e6 3. Nc3 Nf6 4. cxd5 exd5 5. Bg5 c6 6. e3 Be7 7. Bd3 Nbd7 8. h3
Nf8 9. Nf3 Ne6 10. Bh4 g6 11. O-O O-O 12. Rb1 Ng7 13. b4 a6 14. a4 Nf5 15. Bxf6
Bxf6 16. b5 axb5 17. axb5 c5 18. Bxf5 Bxf5 19. Ra1 Qd7 20. Qb3 c4 21. Qb2 Be6
22. b6 Qd6 23. Ra7 Rab8 24. Qb5 Rfc8 25. Rb1 Bd8 26. Qa5 f6 27. Rb5 Rc6 28.
Nxd5 c3 29. Nxc3 Bxb6 30. Rxb6 Rxb6 31. Nd2 Ra6 32. Rxa6 Qxa6 33. Qc7 Rf8 34.
d5 Bf5 35. g4 Qa1+ 36. Kg2 Rc8 37. Qe7 Qxc3 38. gxf5 Rf8 39. Nf3 Qc8 40. Qe6+
Kh8 41. Nd4 gxf5 42. d6 Qd8 43. Nxf5 Rg8+ 44. Kf3 b5 45. d7 Qa8+ 46. Ke2 Rf8
47. Nd6 Kg7 48. Ne8+ Kg6 49. Qg4+ Kf7 50. Qg7+ Ke6 51. Nc7+ 1-0

[Event "Ì19"]
[Site "Loo"]
[Date "2017.04.28"]
[Round "9.7"]
[White "Ñàâåíêîâ, Êîíñòàíòèí."]
[Black "Àñêåðîâ, Ìàðàò."]
[Result "0-1"]
[WhiteElo "2324"]
[BlackElo "2213"]
[PlyCount "100"]
[EventDate "2017.04.20"]

1. e4 c6 2. d4 d5 3. Nd2 dxe4 4. Nxe4 Bf5 5. Ng3 Bg6 6. N1e2 Nf6 7. Nf4 e5 8.
dxe5 Qa5+ 9. c3 Qxe5+ 10. Qe2 Nbd7 11. Nxg6 hxg6 12. Qxe5+ Nxe5 13. Bf4 Bd6 14.
O-O-O Nd3+ 15. Rxd3 Bxf4+ 16. Kc2 Ng4 17. Rd4 Bxg3 18. Rxg4 Bxf2 19. Bc4 Rh4
20. h3 Rxg4 21. hxg4 Bc5 22. Re1+ Be7 23. Rf1 f6 24. Bd3 g5 25. Bg6+ Kd7 26.
Re1 Bd6 27. Rh1 Rd8 28. b4 Kc7 29. a3 b5 30. Kb3 a5 31. bxa5 Ra8 32. a4 Rxa5
33. axb5 Rxb5+ 34. Kc4 Rc5+ 35. Kd4 Rd5+ 36. Kc4 Be5 37. Be4 Ra5 38. Kb4 Ra2
39. Rh7 Kb6 40. Rh3 Re2 41. Bf3 Re3 42. Bd1 Bxc3+ 43. Kc4 Re1 44. Bc2 Be5 45.
Rh7 Re3 46. Bf5 g6 47. Bxg6 Rc3+ 48. Kb4 c5+ 49. Ka4 Rc4+ 50. Kb3 Rb4+ 0-1

[Event "Ì19"]
[Site "Loo"]
[Date "2017.04.28"]
[Round "9.8"]
[White "Îâ÷èííèêîâ, Âñåâîëîä."]
[Black "Àáåëãóçèí, Äèíàð."]
[Result "1-0"]
[WhiteElo "2319"]
[BlackElo "2406"]
[PlyCount "104"]
[EventDate "2017.04.20"]

1. Nf3 d6 2. d4 Nf6 3. g3 Nbd7 4. Bg2 e5 5. O-O Be7 6. dxe5 dxe5 7. b3 c6 8.
Bb2 Qc7 9. Nbd2 Ng4 10. e4 f6 11. Nh4 Nh6 12. Nc4 b5 13. Ne3 g6 14. c4 b4 15.
a3 Rb8 16. axb4 Bxb4 17. Nc2 a5 18. Nxb4 axb4 19. Bc1 Nf7 20. Be3 O-O 21. Qe2
Re8 22. Bh3 c5 23. Rfd1 Nf8 24. Bxc8 Rbxc8 25. Qg4 Nd8 26. Ra7 Qxa7 27. Qxc8
Nfe6 28. Rd6 Qb7 29. Qxb7 Nxb7 30. Ra6 Kf7 31. Nf3 Rd8 32. Nd2 Rd7 33. Kf1 Nbd8
34. f4 exf4 35. gxf4 Nd4 36. Bxd4 Rxd4 37. Ke2 Rd7 38. f5 Ke7 39. Ke3 Rc7 40.
e5 fxe5 41. fxg6 hxg6 42. Rxg6 Kf7 43. Rd6 Ne6 44. Ke4 Nd4 45. Kxe5 Re7+ 46.
Kd5 Re3 47. Kxc5 Nc2 48. Kb5 Ke7 49. c5 Rh3 50. Ka4 Rxh2 51. Nc4 Rh4 52. Rd2
Nd4 1-0

[Event "Ì19"]
[Site "Loo"]
[Date "2017.04.28"]
[Round "9.9"]
[White "Õàð÷åíêî, Àëåêñåé."]
[Black "Ãàëü÷åíêî, Ìàòâåé."]
[Result "1-0"]
[WhiteElo "2263"]
[BlackElo "2346"]
[PlyCount "119"]
[EventDate "2017.04.20"]

1. c4 Nf6 2. Nc3 e6 3. e4 c5 4. e5 Ng8 5. Nf3 Nc6 6. Bd3 d6 7. exd6 Bxd6 8. Be4
Qb6 9. O-O Nf6 10. Bxc6+ Qxc6 11. d4 O-O 12. Bg5 Be7 13. d5 exd5 14. Nxd5 Bd8
15. Ne5 Qa6 16. Qf3 Nd7 17. Bxd8 Nxe5 18. Qg3 Rxd8 19. Qxe5 Qe6 20. Qg5 f6 21.
Qg3 Qd6 22. Qxd6 Rxd6 23. Nc7 Rb8 24. Nb5 Rd2 25. Rad1 Rxd1 26. Rxd1 Be6 27. b3
h5 28. f3 Rc8 29. Re1 Bd7 30. Nxa7 Ra8 31. Re7 Rd8 32. Re2 Bf5 33. Nb5 Rd1+ 34.
Kf2 Kf7 35. Nc3 Rd4 36. Na4 g5 37. Nxc5 b6 38. Ne4 Rd3 39. Re3 Rd1 40. Re1 Rd8
41. Ke3 g4 42. Re2 Rd1 43. Rd2 Ra1 44. Nd6+ Ke6 45. Nxf5 Kxf5 46. fxg4+ hxg4
47. Kd4 Kg5 48. g3 f5 49. Rf2 Rd1+ 50. Ke5 Re1+ 51. Kd6 Re3 52. Kc6 Rf3 53. Rd2
f4 54. gxf4+ Kxf4 55. Kxb6 Ke3 56. Rg2 Rf6+ 57. Kb5 Kf3 58. Rg3+ Kf4 59. c5 Rh6
60. Rg2 1-0

[Event "Ì19"]
[Site "Loo"]
[Date "2017.04.28"]
[Round "9.10"]
[White "Ëàïèí, Ïåòð."]
[Black "Ãàëàêòèîíîâ, Àðòåì."]
[Result "1-0"]
[WhiteElo "2188"]
[BlackElo "2346"]
[PlyCount "99"]
[EventDate "2017.04.20"]

1. d4 d5 2. Bf4 Nf6 3. Nf3 c5 4. e3 Nc6 5. Nbd2 Qb6 6. dxc5 Qxc5 7. Nb3 Qb6 8.
Be2 Bg4 9. h3 Bh5 10. O-O e6 11. a4 a6 12. Nfd4 Bxe2 13. Qxe2 Be7 14. a5 Qd8
15. c4 Nxd4 16. Nxd4 O-O 17. Rfd1 Bb4 18. cxd5 Nxd5 19. Bg3 Qg5 20. Nf3 Qe7 21.
e4 Nc7 22. Bh4 f6 23. e5 Rad8 24. exf6 gxf6 25. Qe4 Rd5 26. Rxd5 exd5 27. Qg4+
Kh8 28. Ne5 Ne6 29. Nd3 Bd2 30. Rd1 Bg5 31. Bxg5 Nxg5 32. Nf4 Qe5 33. h4 Nf7
34. Nd3 Qd6 35. Qd4 Re8 36. Nc5 Qc6 37. b4 Re5 38. Rc1 Re7 39. Nd3 Re4 40. Qa7
Rc4 41. Re1 Re4 42. Rxe4 dxe4 43. Nc5 Nd6 44. Qb8+ Kg7 45. Ne6+ Kh6 46. Qf8+
Kh5 47. Qxf6 Qc1+ 48. Kh2 Qd2 49. Nf4+ Kg4 50. Qg5# 1-0

[Event "Ì19"]
[Site "Loo"]
[Date "2017.04.28"]
[Round "9.11"]
[White "Òèìåðõàíîâ, Àëåêñàíäð."]
[Black "Àêìàëîâ, Äàíèèë."]
[Result "1-0"]
[WhiteElo "2322"]
[BlackElo "2286"]
[PlyCount "81"]
[EventDate "2017.04.20"]

1. d4 g6 2. e4 Bg7 3. Nc3 d6 4. Be3 a6 5. Qd2 Nd7 6. f3 b5 7. a3 Ngf6 8. O-O-O
Bb7 9. Bh6 Bxh6 10. Qxh6 Nb6 11. Nh3 Rc8 12. e5 Nfd5 13. Ne4 Kd7 14. g3 Qf8 15.
Qd2 Re8 16. b3 f5 17. exf6 exf6 18. c4 bxc4 19. bxc4 f5 20. cxd5 fxe4 21. fxe4
Rxe4 22. Ng5 Bxd5 23. Bh3+ Kc6 24. Qc2+ Kb7 25. Nxe4 Qh6+ 26. Kb1 Qxh3 27. Rhe1
Nc4 28. Ka1 Qf5 29. Qb1+ Ka7 30. Nc3 Qf7 31. Rf1 Qg8 32. Qb4 Qa8 33. Rb1 Ne3
34. Qa5 Qc6 35. Nb5+ Ka8 36. Rfc1 Bc4 37. Nxc7+ Ka7 38. d5 Qc5 39. Nb5+ Ka8 40.
Qxa6+ Kb8 41. Nxd6+ 1-0

[Event "Ì19"]
[Site "Loo"]
[Date "2017.04.28"]
[Round "9.12"]
[White "Ñèí, Äåíèñ."]
[Black "Èíäæèåâ, Àëäàð."]
[Result "1-0"]
[WhiteElo "2240"]
[BlackElo "2050"]
[PlyCount "55"]
[EventDate "2017.04.20"]

1. d4 d5 2. c4 e6 3. Nc3 c5 4. cxd5 cxd4 5. Qa4+ Bd7 6. Qxd4 exd5 7. Nf3 Nc6 8.
Qd1 Nf6 9. Bg5 Be6 10. e3 h6 11. Bxf6 Qxf6 12. Bb5 Bb4 13. O-O Bxc3 14. bxc3
O-O 15. Nd4 Rac8 16. Qa4 Ne5 17. Qxa7 Rxc3 18. Qxb7 Bc8 19. Qxd5 Qe7 20. Rac1
Rd8 21. Qe4 Rxd4 22. exd4 Nf3+ 23. gxf3 Qg5+ 24. Kh1 Bh3 25. f4 Qxb5 26. Rfe1
Rxc1 27. Rxc1 Qb2 28. Rb1 1-0

[Event "Ì19"]
[Site "Loo"]
[Date "2017.04.28"]
[Round "9.13"]
[White "Áóö, Íèêèòà."]
[Black "Êëþêèí, Êèðèëë."]
[Result "1-0"]
[WhiteElo "2260"]
[BlackElo "2250"]
[PlyCount "99"]
[EventDate "2017.04.20"]

1. d4 Nf6 2. c4 g6 3. Nf3 Bg7 4. g3 O-O 5. Bg2 d6 6. O-O Nc6 7. Nc3 Rb8 8. Bf4
Ng4 9. d5 e5 10. Bg5 Ne7 11. h3 f6 12. Bd2 Nh6 13. Qc1 Nf7 14. e4 h6 15. Ne1 f5
16. Nd3 fxe4 17. Nxe4 Nf5 18. Kh2 c5 19. f4 Kh7 20. fxe5 Nxe5 21. Nxe5 Bxe5 22.
Bf4 Qe7 23. Bxe5 dxe5 24. Qd2 b6 25. g4 Nd4 26. Rxf8 Qxf8 27. Qd3 Rb7 28. Qg3
Qf4 29. Nd6 Rc7 30. Re1 Qxg3+ 31. Kxg3 Ba6 32. Rxe5 Rd7 33. Ne4 Kg7 34. Bf1 Rf7
35. Nd2 h5 36. Bd3 hxg4 37. hxg4 Kf6 38. Re1 Kg7 39. Re3 Bc8 40. Nb3 Nxb3 41.
axb3 Bd7 42. g5 a6 43. Re1 a5 44. Re2 Kg8 45. Re5 Kg7 46. Be4 Kh7 47. d6 Bc8
48. Bc6 Kg7 49. Re7 Bf5 50. Be8 1-0

[Event "Ì19"]
[Site "Loo"]
[Date "2017.04.28"]
[Round "9.14"]
[White "Ñïèðèäîíîâ, Åâãåíèé."]
[Black "Ãóí÷åíêî, Âàäèì."]
[Result "1-0"]
[WhiteElo "2130"]
[BlackElo "2292"]
[PlyCount "95"]
[EventDate "2017.04.20"]

1. e4 c5 2. Nf3 Nc6 3. d4 cxd4 4. Nxd4 e5 5. Nb3 Nf6 6. Bg5 h6 7. Bxf6 Qxf6 8.
Bc4 Bb4+ 9. c3 Be7 10. O-O O-O 11. Re1 d6 12. Na3 Qg6 13. Nc2 Kh8 14. Bd3 Bg4
15. f3 Bh3 16. Qe2 Bh4 17. Red1 Ne7 18. Kh1 Be6 19. Ne3 Bg5 20. Na5 b6 21. Nac4
Rad8 22. Bc2 Bxe3 23. Nxe3 Qf6 24. Rd2 Nc8 25. Rad1 Qe7 26. c4 Qc7 27. b3 Ne7
28. Nf5 Bxf5 29. exf5 Ng8 30. g4 Nf6 31. h4 Qe7 32. Qe1 Rd7 33. Rg2 d5 34. g5
Nh5 35. cxd5 f6 36. g6 Rc8 37. Be4 Qd6 38. Rc1 Rdc7 39. Rc6 Rxc6 40. dxc6 Qd4
41. Rd2 Qc5 42. Qd1 Rf8 43. Rd8 Ng3+ 44. Kg2 Nxe4 45. Rxf8+ Qxf8 46. fxe4 Qa8
47. Qd5 a5 48. c7 1-0

[Event "Ì19"]
[Site "Loo"]
[Date "2017.04.28"]
[Round "9.15"]
[White "×åðåäíè÷åíêî, Äìèòðèé."]
[Black "Êóçíåöîâ, Ôåëèêñ."]
[Result "1-0"]
[WhiteElo "2282"]
[BlackElo "2176"]
[PlyCount "113"]
[EventDate "2017.04.20"]

1. e4 c5 2. c3 d5 3. exd5 Qxd5 4. d4 Nf6 5. Nf3 Bg4 6. Be2 e6 7. O-O Nc6 8. h3
Bh5 9. Be3 cxd4 10. Nxd4 Bxe2 11. Qxe2 Nxd4 12. Bxd4 Be7 13. Rd1 Qf5 14. c4 O-O
15. Nc3 Rfd8 16. Qe3 a6 17. Bb6 Rdc8 18. b3 Bc5 19. Bxc5 Rxc5 20. Nd5 Rxd5 21.
cxd5 Nxd5 22. Qc5 h5 23. Rac1 g6 24. Rc4 Kh7 25. Qd6 b5 26. Rc5 Qe4 27. Qg3 Qb4
28. Rdc1 a5 29. Qe5 Rf8 30. Rc8 Qe7 31. R1c5 b4 32. Rxf8 Qxf8 33. Rxa5 Qc8 34.
Rb5 Qc1+ 35. Kh2 Qc6 36. Ra5 Qb7 37. Qd6 h4 38. Qd8 f6 39. Ra8 Kh6 40. Qb8 Qc6
41. f4 g5 42. Ra7 Kg6 43. fxg5 Kxg5 44. Qg8+ Kf4 45. Qg4+ Ke3 46. Qxh4 f5 47.
Qg3+ Kd2 48. a3 Ne3 49. Qf2+ Kd3 50. axb4 Qb6 51. Rd7+ Ke4 52. Qf3+ Ke5 53. Rd3
f4 54. g3 Nf5 55. Qxf4+ Kf6 56. g4 Qa6 57. Rd2 1-0

[Event "Ì19"]
[Site "Loo"]
[Date "2017.04.28"]
[Round "9.16"]
[White "Êðèâöîâ, Àëåêñàíäð."]
[Black "Íàñèáóëëèí, Èñêàíäåð."]
[Result "1-0"]
[WhiteElo "2206"]
[BlackElo "2162"]
[PlyCount "91"]
[EventDate "2017.04.20"]

1. c4 e5 2. Nc3 Nf6 3. g3 d5 4. cxd5 Nxd5 5. Bg2 Be6 6. d3 Be7 7. Nf3 Nc6 8. a3
O-O 9. O-O Qd7 10. Nxd5 Bxd5 11. b4 a6 12. Bb2 f6 13. e4 Be6 14. d4 exd4 15.
Nxd4 Nxd4 16. Qxd4 a5 17. Qxd7 Bxd7 18. e5 c6 19. b5 fxe5 20. bxc6 Bxc6 21.
Bxc6 bxc6 22. Bxe5 Bc5 23. Bf4 Bd4 24. Rab1 Rae8 25. Rfe1 Bc5 26. a4 Bb4 27.
Rec1 c5 28. Be3 Re4 29. Bxc5 Bxc5 30. Rxc5 Rxa4 31. Rb2 Ra8 32. Rc7 Rg4 33.
Rbb7 h5 34. h3 Rg5 35. Kg2 Kh8 36. f4 Rg6 37. f5 Rg5 38. Rf7 Rc8 39. g4 hxg4
40. h4 Rh5 41. Kg3 a4 42. Kxg4 Rh6 43. Kg5 Rc4 44. Rf8+ Kh7 45. Rbb8 Rh5+ 46.
Kxh5 1-0

[Event "Ì19"]
[Site "Loo"]
[Date "2017.04.28"]
[Round "9.17"]
[White "Áû÷êîâ, Âëàäèìèð."]
[Black "Àçèìîâ, Èëüÿñ."]
[Result "1-0"]
[WhiteElo "2202"]
[BlackElo "2171"]
[PlyCount "97"]
[EventDate "2017.04.20"]

1. c4 e5 2. Nc3 Nf6 3. g3 d5 4. cxd5 Nxd5 5. Bg2 Nb6 6. Nf3 Nc6 7. a3 Be7 8. b4
a6 9. d3 O-O 10. O-O f6 11. Be3 Nd4 12. Ne4 c6 13. Nc5 Ne6 14. Qc1 Nd5 15. Nxe6
Bxe6 16. Bc5 a5 17. e4 Nc7 18. d4 axb4 19. axb4 Rxa1 20. Qxa1 Na6 21. Rd1 Nxb4
22. dxe5 Qe8 23. Qa5 Na6 24. Bxe7 Qxe7 25. exf6 Qxf6 26. e5 Qf5 27. Nd4 Qxf2+
28. Kh1 Bg4 29. Rf1 Qxf1+ 30. Bxf1 Rxf1+ 31. Kg2 Rf8 32. h3 Bc8 33. e6 Re8 34.
Qf5 Re7 35. Qe5 Bxe6 36. Nxe6 Nc7 37. Qd6 Rxe6 38. Qxc7 b5 39. Kf3 Rf6+ 40. Ke4
h6 41. g4 Kh7 42. h4 Re6+ 43. Kf5 Rf6+ 44. Ke5 Rg6 45. Qc8 Rf6 46. g5 hxg5 47.
hxg5 Rf7 48. Qh3+ Kg8 49. g6 1-0

[Event "Ì19"]
[Site "Loo"]
[Date "2017.04.28"]
[Round "9.18"]
[White "Ïîñòíèêîâ, Àðòåì."]
[Black "Ãîëüöåâ, Äìèòðèé."]
[Result "0-1"]
[WhiteElo "2197"]
[BlackElo "2161"]
[PlyCount "84"]
[EventDate "2017.04.20"]

1. e4 c5 2. Nf3 a6 3. Nc3 e6 4. d4 cxd4 5. Nxd4 Qc7 6. Bd3 Nc6 7. Nxc6 bxc6 8.
Qe2 Bb4 9. Bd2 Ne7 10. O-O O-O 11. e5 d5 12. exd6 Bxd6 13. g3 Bb7 14. Be4 Nd5
15. Bg2 c5 16. Ne4 Be5 17. c3 Nf6 18. Nxf6+ Bxf6 19. Bxb7 Qxb7 20. Rab1 Rfd8
21. Be3 Qd5 22. c4 Qf5 23. Rbd1 Bd4 24. Bxd4 cxd4 25. Rd3 Qc5 26. b3 Ra7 27. f4
Re7 28. Qe5 Qa7 29. Re1 f6 30. Qa5 Rde8 31. Re4 e5 32. Qd5+ Kh8 33. fxe5 fxe5
34. c5 Qc7 35. Qd6 Qc8 36. Rdxd4 Re6 37. Qd7 Qxc5 38. Kg2 Qc2+ 39. Kh3 g5 40.
Rc4 Qf2 41. Qd1 Rh6+ 42. Kg4 Rf8 0-1

[Event "Ì19"]
[Site "Loo"]
[Date "2017.04.28"]
[Round "9.19"]
[White "Áîíäàðåíêî, Èâàí."]
[Black "Òðóá÷àíèíîâ, Òèìóð."]
[Result "1/2-1/2"]
[WhiteElo "2251"]
[BlackElo "2185"]
[PlyCount "84"]
[EventDate "2017.04.20"]

1. d4 d5 2. c4 e6 3. Nc3 c6 4. e3 Nf6 5. b3 Nbd7 6. Bb2 Bd6 7. Bd3 O-O 8. Nge2
b6 9. O-O Bb7 10. Qc2 dxc4 11. bxc4 c5 12. Ng3 h6 13. a4 Ng4 14. Be2 Qh4 15.
Bxg4 Qxg4 16. Rfd1 Nf6 17. Nb5 Bxg3 18. hxg3 Qh5 19. f3 cxd4 20. exd4 Rfd8 21.
a5 bxa5 22. g4 Qh4 23. Rxa5 a6 24. Nc3 Rac8 25. Qe2 Qg3 26. c5 Nh7 27. Bc1 Nf8
28. Be3 Ng6 29. Bf2 Qc7 30. Raa1 Ne7 31. Qe1 Ra8 32. Rab1 Bc6 33. Bg3 Qd7 34.
Bd6 Nc8 35. Be5 a5 36. Ne4 a4 37. Qe3 a3 38. Nf6+ gxf6 39. Bxf6 Kh7 40. Qd3+
Kg8 41. Qe3 Kh7 42. Qd3+ Kg8 1/2-1/2

[Event "Ì19"]
[Site "Loo"]
[Date "2017.04.28"]
[Round "9.20"]
[White "Áåçîòå÷åñòâî, Êîíñòàíòèí."]
[Black "Õàëòóðèí, Íèêîëàé."]
[Result "1-0"]
[WhiteElo "2160"]
[BlackElo "1965"]
[PlyCount "94"]
[EventDate "2017.04.20"]

1. d4 d5 2. c4 c6 3. Nf3 Nf6 4. Qc2 dxc4 5. Qxc4 Bg4 6. Ne5 Be6 7. Qd3 Nbd7 8.
Nf3 Nb6 9. Nc3 g6 10. g3 Bg7 11. Bg2 O-O 12. O-O Bc4 13. Qc2 Re8 14. Rd1 a5 15.
b3 Ba6 16. Bb2 Qc7 17. e4 Rad8 18. a3 Qb8 19. e5 Nfd5 20. Ne4 Nd7 21. Neg5 Nf8
22. h4 Nc7 23. h5 Nce6 24. hxg6 hxg6 25. Bh3 Nxg5 26. Nxg5 Rd5 27. Qe4 Red8 28.
Qf3 f5 29. exf6 exf6 30. Ne6 Re8 31. Nf4 Rdd8 32. d5 cxd5 33. Rxd5 b6 34. Rxd8
Qxd8 35. Rd1 Qe7 36. Nd5 Qe2 37. Qxe2 Rxe2 38. Bxf6 Bb7 39. Bxg7 Kxg7 40. Nxb6
Rb2 41. Nc4 Ra2 42. Bg2 Ba6 43. Nxa5 Rxa3 44. b4 Ra4 45. Rb1 Bd3 46. Rb3 Ra1+
47. Kh2 Bb5 1-0

[Event "Ì19"]
[Site "Loo"]
[Date "2017.04.28"]
[Round "9.22"]
[White "Ãîðîæàíêèí, Âàäèì."]
[Black "×èáóõ÷ÿí, Ýðèê."]
[Result "1-0"]
[WhiteElo "2190"]
[BlackElo "2149"]
[PlyCount "57"]
[EventDate "2017.04.20"]

1. d4 Nf6 2. c4 e6 3. g3 d5 4. Bg2 dxc4 5. Qa4+ Bd7 6. Qxc4 Bc6 7. Nf3 Bd5 8.
Qd3 Be4 9. Qc4 Nc6 10. O-O Qd5 11. Qa4 Qa5 12. Qxa5 Nxa5 13. Nc3 Bc6 14. Ne5
Bxg2 15. Kxg2 Bd6 16. Nf3 O-O 17. Bg5 Nd5 18. Nb5 f6 19. Bd2 Nc4 20. Rfc1 Nxd2
21. Nxd2 Rfc8 22. a3 a6 23. Nxd6 cxd6 24. Nc4 Rc6 25. Na5 Rxc1 26. Rxc1 b6 27.
Nb7 e5 28. e4 Ne7 29. d5 1-0

[Event "Ì19"]
[Site "Loo"]
[Date "2017.04.28"]
[Round "9.23"]
[White "Ðîçìàíîâ, Àëåêñàíäð."]
[Black "Àëåêñååâ, Ìèõàèë."]
[Result "0-1"]
[WhiteElo "2018"]
[BlackElo "1858"]
[PlyCount "34"]
[EventDate "2017.04.20"]

1. e4 c6 2. d4 d5 3. e5 Bf5 4. Nc3 e6 5. g4 Bg6 6. Nge2 c5 7. Be3 Nc6 8. f4 h5
9. g5 Nge7 10. Qd2 Nf5 11. O-O-O Qa5 12. Bf2 c4 13. Ng3 b5 14. Kb1 b4 15. Nce2
Rb8 16. Nxf5 Bxf5 17. Ng3 b3 0-1

[Event "Ä15Ï"]
[Site "Loo"]
[Date "2017.04.28"]
[Round "9.1"]
[White "Êîðîáèöûíà, Îëåñÿ."]
[Black "Ìîèñååâà, Îëåñÿ."]
[Result "1/2-1/2"]
[WhiteElo "1769"]
[BlackElo "1695"]
[PlyCount "86"]
[EventDate "2017.04.20"]

1. Nf3 d5 2. g3 c5 3. Bg2 Nc6 4. d3 Bf5 5. O-O h6 6. Nbd2 Nf6 7. c4 e6 8. b3
Be7 9. Bb2 d4 10. a3 O-O 11. Qc2 Bh7 12. Ne1 Qc7 13. h3 Bd6 14. Nef3 Rfe8 15.
Rfe1 Rad8 16. e4 g5 17. b4 b6 18. b5 Ne5 19. Nxe5 Bxe5 20. Nf3 Nh5 21. Nxe5
Qxe5 22. Qe2 Bg6 23. Bc1 f5 24. Qf1 Qc7 25. exf5 exf5 26. Bd2 Rxe1 27. Rxe1 Re8
28. Rxe8+ Bxe8 29. Qe2 Bf7 30. Bd5 Nf6 31. Bxf7+ Kxf7 32. a4 Qe7 33. Kf1 Qxe2+
34. Kxe2 Ke6 35. h4 Nh7 36. hxg5 hxg5 37. f3 Kf6 38. a5 Nf8 39. a6 Ne6 40. Kf2
Kg6 41. Kg2 Kf6 42. f4 g4 43. Kf2 Kg6 1/2-1/2